| 000 | 00358 a2200109 4500 | ||
|---|---|---|---|
| 001 | ART_6856 | ||
| 005 | 20260410161621.0 | ||
| 008 | 260409a | ||
| 245 | 1 | 0 | _aLos acreedores "involuntarios" en la ley concursal y en la doctrina de la Corte Suprema de Justicia |
| 100 | 1 | _aVaiser, Lidia | |
| 773 | 0 |
_tEnfoques _g- NÂș 8 (ago. 2010) _wREV416 |
|
| 999 |
_c11579 _d11579 |
||